000 01145cam a2200229 4500
001 X123547
008 030910n2002 000 0 eng u
035 _a(Sirsi) u123547
110 _aUnited Kingdom
_bLord Chancellor's Department
_91274
245 _aCommonhold proposals for commonhold regulations : consultation paper
260 _c2002
520 _aPaper seting out for consultation provisional policy proposals to inform the drafting of the regulations to be made to implement Part I of the Commonhold and Leasehold Reform Act 2002. Responses were published 26 August 2003.
650 _aCOMMONHOLD AND LEASEHOLD REFORM ACT 2002
650 _aCONSULTATION PAPER
650 _aCOMMONHOLD
650 _aLEASEHOLD REFORM
690 _aPROPERTY-RESIDENTIAL PROPERTY-RESIDENTIAL LANDLORD AND TENANT-RESIDENTIAL TENANCIES
856 _uhttps://www.lcd.gov.uk/consult/common/commonhold.htm
_zClick for consultation paper
856 _uhttps://www.lcd.gov.uk/consult/common/comholdresp.htm
_zClick for responses
856 _uhttps://www.rics.org/RICSWEB/getpage.aspx?p=IlntEnFyTUKwQYko6D409w
_zClick for RICS response
942 _n0
999 _c103056
_d103056